[Event "GER-ch Rapid 49th"]
[Site "Dinkelsbuehl"]
[Date "2023.11.12"]
[Round "7"]
[White "Reichmann, Hendrik"]
[Black "Huber, Benedikt"]
[Result "1-0"]
[WhiteElo "2303"]
[BlackElo "2270"]
[PlyCount "71"]
[EventDate "2023.11.11"]
[EventType "swiss (rapid)"]
[EventRounds "9"]
[EventCountry "GER"]
[SourceTitle "CB46_2023"]
[SourceDate "2023.11.15"]
[SourceVersion "1"]
[SourceVersionDate "2023.11.15"]
[SourceQuality "1"]

1. d4 d5 2. Bf4 Nf6 3. e3 e6 4. Nd2 Bd6 5. c3 0-0 6. Bd3 c5 7. Bg3 Qc7 8. Ngf3 Nbd7 9. 0-0 Bxg3 10. hxg3 e5 11. e4 dxe4 12. Bxe4 exd4 13. cxd4 cxd4 14. Rc1 Qb6 15. Nc4 Qc5 16. Bb1 Nb6 17. Nce5 Qd5 18. Qxd4 Qxd4 19. Nxd4 Nbd5 20. a3 b6 21. Rfe1 Re8 22. Ba2 Bb7 23. Nb5 Red8 24. Nxf7 Kxf7 25. Rc7+ Rd7 26. Nd6+ Kf8 27. Rxd7 Nxd7 28. Nxb7 N7f6 29. Nd6 Rd8 30. Nf5 Rc8 31. Nd4 Re8 32. Ne6+ Kg8 33. f4 h6 34. Re5 Kh8 35. g4 Nxf4 36. Nxf4 1-0

[Event "GER-ch Rapid 49th"]
[Site "Dinkelsbuehl"]
[Date "2023.11.12"]
[Round "9"]
[White "Reichmann, Hendrik"]
[Black "Nickel, Ruediger"]
[Result "1/2-1/2"]
[WhiteElo "2303"]
[BlackElo "1967"]
[PlyCount "118"]
[EventDate "2023.11.11"]
[EventType "swiss (rapid)"]
[EventRounds "9"]
[EventCountry "GER"]
[SourceTitle "CB46_2023"]
[SourceDate "2023.11.15"]
[SourceVersion "1"]
[SourceVersionDate "2023.11.15"]
[SourceQuality "1"]

1. d4 Nf6 2. Nf3 g6 3. Bf4 Bg7 4. e3 0-0 5. h3 c5 6. c3 d6 7. Nbd2 cxd4 8. exd4 Nc6 9. Nc4 Be6 10. Ng5 Bxc4 11. Bxc4 h6 12. Nf3 e5 13. Be3 e4 14. Nd2 d5 15. Be2 Ne8 16. Nb3 Nd6 17. Qc1 Kh7 18. 0-0 Qe7 19. f4 Rac8 20. Qe1 Nf5 21. Bg4 Rce8 22. Qf2 b6 23. Rae1 Bf6 24. g3 a5 25. a4 Na7 26. Kg2 Nc8 27. Qe2 Ncd6 28. Nd2 h5 29. Bxf5 Nxf5 30. Qb5 Qe6 31. Rf2 Rc8 32. Qe2 Qc6 33. g4 Nxe3+ 34. Qxe3 Bh4 35. f5 Bxf2 36. Qxf2 hxg4 37. hxg4 Kg7 38. Rf1 Qf6 39. Qf4 g5 40. Qg3 Rh8 41. Rc1 Rh4 42. Nf1 Rch8 43. Ne3 Rh2+ 44. Qxh2 Rxh2+ 45. Kxh2 Qd6+ 46. Kg2 Qf4 47. Re1 Qf3+ 48. Kg1 Qg3+ 49. Kf1 f6 50. b3 Qh2 51. c4 dxc4 52. bxc4 Qh1+ 53. Kf2 Qf3+ 54. Kg1 Qg3+ 55. Kf1 Qh3+ 56. Kg1 Qh4 57. Kf1 Qh1+ 58. Kf2 Qf3+ 59. Kg1 Qg3+ 1/2-1/2

[Event "Riga Tech Rapid op"]
[Site "Riga"]
[Date "2023.08.06"]
[Round "4"]
[White "Jobava, Baadur"]
[Black "Reichmann, Hendrik"]
[Result "1-0"]
[WhiteElo "2574"]
[BlackElo "2316"]
[PlyCount "81"]
[EventDate "2023.08.06"]
[EventType "swiss (rapid)"]
[EventRounds "9"]
[EventCountry "LAT"]
[SourceTitle "CBM 215 Extra"]
[Source "ChessBase"]
[SourceDate "2023.09.30"]
[SourceVersion "1"]
[SourceVersionDate "2023.09.30"]
[SourceQuality "1"]

1. e4 g6 2. d4 Bg7 3. Nc3 c6 4. h4 h5 5. Nf3 d5 6. exd5 cxd5 7. Ne5 Nc6 8. Bb5 Bxe5 9. dxe5 d4 10. Bxc6+ bxc6 11. Ne2 Qa5+ 12. Qd2 Qxe5 13. Qxd4 Qxd4 14. Nxd4 Ba6 15. f3 Rc8 16. Be3 Nf6 17. Nb3 Nd5 18. Bxa7 Nb4 19. Kd2 0-0 20. Bc5 Rfd8+ 21. Kc1 Nd5 22. g3 f6 23. Re1 e5 24. Nd2 Kf7 25. a4 Rb8 26. Ra3 Rd7 27. Ne4 Nc7 28. Bd6 Rbd8 29. Bxc7 Rxc7 30. Rd1 Rxd1+ 31. Kxd1 Rd7+ 32. Ke1 Ra7 33. Rc3 Bb7 34. a5 Ke7 35. b4 f5 36. Nc5 Bc8 37. Nd3 Kd6 38. f4 exf4 39. gxf4 Be6 40. Ne5 Bd5 41. Rg3 1-0

[Event "Riga Tech Rapid op"]
[Site "Riga"]
[Date "2023.08.06"]
[Round "6"]
[White "Petrova, Irina"]
[Black "Reichmann, Hendrik"]
[Result "1-0"]
[WhiteElo "2108"]
[BlackElo "2316"]
[PlyCount "67"]
[EventDate "2023.08.06"]
[EventType "swiss (rapid)"]
[EventRounds "9"]
[EventCountry "LAT"]
[SourceTitle "CBM 215 Extra"]
[Source "ChessBase"]
[SourceDate "2023.09.30"]
[SourceVersion "1"]
[SourceVersionDate "2023.09.30"]
[SourceQuality "1"]

1. e4 g6 2. d4 Bg7 3. Nc3 c6 4. Be3 d5 5. e5 f6 6. f4 Nh6 7. Be2 0-0 8. Nf3 Ng4 9. Qd2 Bh6 10. 0-0 Bf5 11. h3 Nxe3 12. Qxe3 Bxc2 13. g4 f5 14. g5 Bg7 15. Bd3 Bxd3 16. Qxd3 Nd7 17. Rac1 e6 18. Rc2 Re8 19. h4 Bf8 20. h5 c5 21. hxg6 hxg6 22. Rh2 Bg7 23. Nb5 cxd4 24. Nfxd4 Qb6 25. Kg2 a6 26. Nd6 Nxe5 27. fxe5 Bxe5 28. Nxe8 Rxe8 29. Rh4 Qxb2+ 30. Rf2 Qc1 31. Nf3 Bg7 32. Rc2 Qb1 33. Qb3 Qd1 34. Rh1 1-0

[Event "Riga Tech Rapid op"]
[Site "Riga"]
[Date "2023.08.06"]
[Round "8"]
[White "Posaskov, Nikita"]
[Black "Reichmann, Hendrik"]
[Result "1-0"]
[WhiteElo "2055"]
[BlackElo "2316"]
[PlyCount "81"]
[EventDate "2023.08.06"]
[EventType "swiss (rapid)"]
[EventRounds "9"]
[EventCountry "LAT"]
[SourceTitle "CBM 215 Extra"]
[Source "ChessBase"]
[SourceDate "2023.09.30"]
[SourceVersion "1"]
[SourceVersionDate "2023.09.30"]
[SourceQuality "1"]

1. d4 g6 2. c4 Bg7 3. Nc3 d6 4. e4 e5 5. Nf3 Nc6 6. d5 Nd4 7. Be3 Bg4 8. Be2 Bxf3 9. Bxf3 c5 10. dxc6 bxc6 11. 0-0 Ne7 12. b4 0-0 13. Rc1 Rb8 14. a3 h6 15. Be2 f5 16. exf5 Nexf5 17. Qd3 d5 18. cxd5 cxd5 19. Bxd4 Nxd4 20. Qxg6 Rc8 21. Bg4 Rc6 22. Qh5 Nb3 23. Rc2 d4 24. b5 Rb6 25. Ne4 Qd5 26. Ng3 d3 27. Rc7 Nd4 28. Bf5 Ne2+ 29. Nxe2 dxe2 30. Re1 Qd2 31. Rcc1 Rbf6 32. g4 e4 33. Qh3 h5 34. Qe3 Bh6 35. Qxa7 Rxf5 36. gxf5 Qg5+ 37. Kh1 Qxf5 38. Rg1+ Kh8 39. Qd4+ Qf6 40. Qxf6+ Rxf6 41. Rc6 1-0

[Event "GER-ch Blitz"]
[Site "Viernheim"]
[Date "2023.07.15"]
[Round "23"]
[White "Bluebaum, Matthias"]
[Black "Reichmann, Hendrik"]
[Result "1-0"]
[WhiteElo "2672"]
[BlackElo "2316"]
[PlyCount "85"]
[EventDate "2023.07.15"]
[EventType "tourn (blitz)"]
[EventRounds "29"]
[EventCountry "GER"]
[SourceTitle "CBM 215 Extra"]
[Source "ChessBase"]
[SourceDate "2023.09.30"]
[SourceVersion "1"]
[SourceVersionDate "2023.09.30"]
[SourceQuality "1"]

1. d4 Nf6 2. c4 d6 3. Nf3 g6 4. Nc3 Bf5 5. d5 c5 6. Ng5 h6 7. e4 Bg4 8. Nf3 Bg7 9. Be2 0-0 10. 0-0 b5 11. cxb5 a6 12. bxa6 Nxa6 13. h3 Bxf3 14. Bxf3 Nd7 15. Be2 Qc7 16. Be3 Rfb8 17. Qd2 Kh7 18. Rab1 c4 19. Bd4 Ne5 20. f4 Nd3 21. Bxg7 Qc5+ 22. Kh2 Kxg7 23. Bxd3 cxd3 24. Rf3 Rb4 25. a3 Rb3 26. Qxd3 Qb6 27. Na4 Rxd3 28. Nxb6 Rxf3 29. gxf3 Rb8 30. Na4 Rb3 31. Kg3 Nc7 32. Rc1 Nb5 33. Rc4 f5 34. Rb4 Rxb4 35. axb4 Nd4 36. Nc3 Kf6 37. b5 Nb3 38. b6 Nc5 39. b4 Nb7 40. Nb5 e6 41. Nd4 exd5 42. exd5 Ke7 43. Nc6+ 1-0

[Event "GER-ch Blitz"]
[Site "Viernheim"]
[Date "2023.07.15"]
[Round "28"]
[White "Frischmann, Rick"]
[Black "Reichmann, Hendrik"]
[Result "0-1"]
[WhiteElo "2388"]
[BlackElo "2316"]
[PlyCount "80"]
[EventDate "2023.07.15"]
[EventType "tourn (blitz)"]
[EventRounds "29"]
[EventCountry "GER"]
[SourceTitle "CBM 215 Extra"]
[Source "ChessBase"]
[SourceDate "2023.09.30"]
[SourceVersion "1"]
[SourceVersionDate "2023.09.30"]
[SourceQuality "1"]

1. e4 c5 2. Nf3 a6 3. g3 Nc6 4. Bg2 e5 5. 0-0 d6 6. c3 Nf6 7. Qe2 Be7 8. Rd1 0-0 9. h3 Re8 10. d4 exd4 11. cxd4 Bf8 12. Nc3 Qb6 13. dxc5 dxc5 14. Bg5 Nd4 15. Nxd4 cxd4 16. Bxf6 Qxf6 17. Nd5 Qe5 18. f4 Qxd5 19. Rac1 Qb5 20. Qd2 Bc5 21. Kh2 Be6 22. e5 Rac8 23. a4 Qb6 24. Be4 g6 25. g4 Bb4 26. Qf2 Rxc1 27. Rxc1 Rc8 28. Rd1 Rd8 29. f5 Bb3 30. Rf1 Qc5 31. e6 Qe5+ 32. Kg1 Qxe4 33. fxg6 Bxe6 34. gxf7+ Kf8 35. Qf6 Qe3+ 36. Rf2 Qc1+ 37. Rf1 Qe3+ 38. Rf2 Qe1+ 39. Kg2 Bd5+ 40. Kh2 Bd6+ 0-1

[Event "GER-ch Blitz"]
[Site "Viernheim"]
[Date "2023.07.15"]
[Round "14"]
[White "Reichmann, Hendrik"]
[Black "Dobrikov, Marco"]
[Result "1-0"]
[WhiteElo "2316"]
[BlackElo "2269"]
[PlyCount "53"]
[EventDate "2023.07.15"]
[EventType "tourn (blitz)"]
[EventRounds "29"]
[EventCountry "GER"]
[SourceTitle "CBM 215 Extra"]
[Source "ChessBase"]
[SourceDate "2023.09.30"]
[SourceVersion "1"]
[SourceVersionDate "2023.09.30"]
[SourceQuality "1"]

1. d4 g6 2. e4 Bg7 3. Nc3 a6 4. a4 d6 5. Be3 e5 6. dxe5 Bxe5 7. Qd2 Nc6 8. Nge2 Nge7 9. h4 h5 10. Bg5 Be6 11. Nd5 Bxd5 12. exd5 Nb8 13. f4 Bg7 14. f5 Nd7 15. fxg6 fxg6 16. Nf4 Nf8 17. Bd3 Qd7 18. Qe3 Be5 19. 0-0 0-0-0 20. Qa7 Qe8 21. Bxe7 Qxe7 22. Nxg6 Bd4+ 23. Qxd4 Nxg6 24. Bxg6 Kb8 25. Rae1 Qd7 26. Rf7 Qg4 27. Qxg4 1-0

[Event "GER-ch Blitz"]
[Site "Viernheim"]
[Date "2023.07.15"]
[Round "24"]
[White "Reichmann, Hendrik"]
[Black "Lenz, Jonas"]
[Result "0-1"]
[WhiteElo "2316"]
[BlackElo "2138"]
[PlyCount "56"]
[EventDate "2023.07.15"]
[EventType "tourn (blitz)"]
[EventRounds "29"]
[EventCountry "GER"]
[SourceTitle "CBM 215 Extra"]
[Source "ChessBase"]
[SourceDate "2023.09.30"]
[SourceVersion "1"]
[SourceVersionDate "2023.09.30"]
[SourceQuality "1"]

1. d4 Nf6 2. Nc3 d5 3. Bf4 e6 4. Nb5 Na6 5. e3 Be7 6. Nf3 0-0 7. Ne5 c6 8. Nc3 Nc7 9. Bd3 Nce8 10. h4 Nd6 11. Qf3 Qa5 12. Kf1 c5 13. dxc5 Qxc5 14. Rh3 d4 15. exd4 Qxd4 16. Rd1 Qb4 17. Rg3 Nf5 18. Rg5 h6 19. Rg3 Nxg3+ 20. fxg3 Qxb2 21. g4 Nd5 22. Nxd5 exd5 23. g5 Bd6 24. gxh6 Bxe5 25. Qh5 Bxf4 26. hxg7 Qxg7 27. Re1 Bg4 28. Qxd5 Rad8 0-1

[Event "GER-ch Blitz"]
[Site "Viernheim"]
[Date "2023.07.15"]
[Round "27"]
[White "Schulze, Torben"]
[Black "Reichmann, Hendrik"]
[Result "1/2-1/2"]
[WhiteElo "2325"]
[BlackElo "2316"]
[PlyCount "139"]
[EventDate "2023.07.15"]
[EventType "tourn (blitz)"]
[EventRounds "29"]
[EventCountry "GER"]
[SourceTitle "CBM 215 Extra"]
[Source "ChessBase"]
[SourceDate "2023.09.30"]
[SourceVersion "1"]
[SourceVersionDate "2023.09.30"]
[SourceQuality "1"]

1. e4 c5 2. Nc3 a6 3. d4 cxd4 4. Qxd4 Nc6 5. Qd2 e6 6. b3 Bb4 7. a3 Bc5 8. Bb2 Nf6 9. f3 b5 10. 0-0-0 Qb6 11. Kb1 Bxg1 12. Qg5 Kf8 13. Rxg1 Qxg1 14. Ne2 Qxh2 15. Bxf6 gxf6 16. Qxf6 Qe5 17. Qh6+ Qg7 18. Qh4 f6 19. Nf4 h5 20. Qh2 h4 21. Nd3 Qe7 22. f4 Qxa3 23. g3 Nb4 24. Nxb4 Qxb4 25. gxh4 Ra7 26. Qg1 Rc7 27. Qg6 Qc3 28. Rc1 Rg8 29. Qh7 Rg7 30. Qh8+ Kf7 31. Qh5+ Ke7 32. e5 fxe5 33. fxe5 Rc5 34. Bd3 Qxe5 35. Qf3 Rc7 36. Rf1 Kd6 37. Qf8+ Kc6 38. h5 Kb6 39. h6 Rg3 40. Qf2+ Qe3 41. h7 Qxf2 42. Rxf2 Rh3 43. Rf8 Bb7 44. h8Q Rxh8 45. Rxh8 Bd5 46. Rh4 a5 47. Kb2 b4 48. Rd4 Bc6 49. Rh4 Bb5 50. Bg6 d5 51. Rh6 Rc6 52. Bf7 e5 53. Rh5 d4 54. Rxe5 d3 55. cxd3 Bxd3 56. Re1 Rc2+ 57. Ka1 Rd2 58. Re6+ Kc7 59. Re5 Kb6 60. Re6+ Kb7 61. Re5 Rd1+ 62. Kb2 Kb6 63. Re6+ Kc5 64. Re5+ Kd4 65. Rd5+ Ke3 66. Rxa5 Rd2+ 67. Ka1 Rd1+ 68. Kb2 Rd2+ 69. Ka1 Rd1+ 70. Kb2 1/2-1/2

[Event "GER-ch Rapid 48th"]
[Site "Goettingen"]
[Date "2022.09.24"]
[Round "2"]
[White "Bluebaum, Matthias"]
[Black "Reichmann, Hendrik"]
[Result "1-0"]
[WhiteElo "2647"]
[BlackElo "2307"]
[PlyCount "82"]
[EventDate "2022.09.24"]
[EventType "swiss (rapid)"]
[EventRounds "9"]
[EventCountry "GER"]
[SourceTitle "CBM 210 Extra"]
[Source "ChessBase"]
[SourceDate "2022.11.30"]
[SourceVersion "1"]
[SourceVersionDate "2022.11.30"]
[SourceQuality "1"]

1. d4 Nf6 2. c4 d6 3. Nf3 g6 4. Nc3 Bf5 5. d5 c5 6. Ng5 h6 7. e4 Bg4 8. Nf3 Bg7 9. Be2 0-0 10. Be3 a6 11. Qd2 Kh7 12. h3 Bxf3 13. Bxf3 b5 14. cxb5 axb5 15. Nxb5 Qb6 16. a4 Nbd7 17. Qc2 Qxb5 18. axb5 Rxa1+ 19. Bd1 Rb8 20. 0-0 Rxb5 21. f4 Nh5 22. Bc1 Bd4+ 23. Kh2 Nhf6 24. Bf3 Ra2 25. Qc4 Rba5 26. b4 Nb6 27. Qd3 R5a4 28. bxc5 Bxc5 29. e5 Nfd7 30. e6 fxe6 31. dxe6 Nf6 32. Bc6 Rd4 33. Qb1 Re2 34. Bf3 Rxe6 35. f5 Re5 36. fxg6+ Kg7 37. Bb2 Rb4 38. Qa2 Kxg6 39. Bxe5 dxe5 40. Qe6 Rf4 41. Bh5+ Kg5 1-0

[Event "GER-ch Rapid 48th"]
[Site "Goettingen"]
[Date "2022.09.24"]
[Round "3"]
[White "Reichmann, Hendrik"]
[Black "Serrer, Christoph"]
[Result "1/2-1/2"]
[WhiteElo "2307"]
[BlackElo "2251"]
[PlyCount "102"]
[EventDate "2022.09.24"]
[EventType "swiss (rapid)"]
[EventRounds "9"]
[EventCountry "GER"]
[SourceTitle "CBM 210 Extra"]
[Source "ChessBase"]
[SourceDate "2022.11.30"]
[SourceVersion "1"]
[SourceVersionDate "2022.11.30"]
[SourceQuality "1"]

1. d4 Nf6 2. Bf4 d5 3. Nc3 a6 4. e3 e6 5. g4 Bb4 6. f3 c5 7. Nge2 Nc6 8. Qd2 cxd4 9. exd4 Bd7 10. a3 Be7 11. h4 Rc8 12. h5 h6 13. Bg2 Na7 14. 0-0 Nb5 15. Kh1 Nxc3 16. Nxc3 Bc6 17. Rfe1 0-0 18. Ne2 Bd6 19. c3 a5 20. Be5 Bxe5 21. dxe5 Nd7 22. Nd4 Qh4+ 23. Kg1 Qg3 24. Qf2 Qxf2+ 25. Kxf2 Nc5 26. Ke3 Rce8 27. b4 Na4 28. Rec1 f6 29. f4 fxe5 30. fxe5 Kf7 31. Bf1 Bd7 32. Rab1 axb4 33. Rxb4 Nc5 34. Bd3 Ke7 35. Nb3 Nxb3 36. Rxb3 Bc6 37. Rcb1 Ra8 38. Bb5 Rfd8 39. Bxc6 bxc6 40. Rb7+ Rd7 41. Rxd7+ Kxd7 42. Rb7+ Ke8 43. Rxg7 Rxa3 44. Kd2 Ra4 45. g5 hxg5 46. h6 Kf8 47. Rc7 Rh4 48. h7 c5 49. Ke3 Re4+ 50. Kf3 Rh4 51. Ke3 Re4+ 1/2-1/2

[Event "Reinstorf Blitz op"]
[Site "Reinstorf"]
[Date "2022.02.04"]
[Round "1"]
[White "Muedder, Melanie"]
[Black "Reichmann, Hendrik"]
[Result "0-1"]
[WhiteElo "1831"]
[BlackElo "2338"]
[PlyCount "62"]
[EventDate "2022.01.29"]
[EventType "swiss (blitz)"]
[EventRounds "9"]
[EventCountry "GER"]
[SourceTitle "CBM 206 Extra"]
[Source "ChessBase"]
[SourceDate "2022.03.31"]
[SourceVersion "1"]
[SourceVersionDate "2022.03.31"]
[SourceQuality "1"]

1. e4 g6 2. d4 Bg7 3. Nc3 d6 4. Be3 a6 5. a4 Nf6 6. h3 0-0 7. f4 b6 8. Nf3 Bb7 9. Bd3 e6 10. 0-0 c5 11. f5 cxd4 12. Nxd4 e5 13. Nde2 d5 14. Bg5 d4 15. Nd5 Bxd5 16. exd5 Qxd5 17. fxg6 fxg6 18. b3 Kh8 19. Bc4 Qc6 20. Ng3 Nbd7 21. Qe2 e4 22. Bxa6 d3 23. cxd3 Rxa6 24. dxe4 Qc5+ 25. Be3 Qc8 26. Rad1 Ra8 27. Bd4 Re8 28. e5 Nxe5 29. Bxb6 Rb8 30. Bd4 Rxb3 31. Kh2 Neg4+ 0-1

[Event "Oberliga Nord N 2122"]
[Site "Germany"]
[Date "2021.11.20"]
[Round "3.2"]
[White "Khachatryan, Taron"]
[Black "Reichmann, Hendrik"]
[Result "1/2-1/2"]
[WhiteElo "2019"]
[BlackElo "2332"]
[PlyCount "41"]
[EventDate "2021.10.31"]
[EventType "team-tourn"]
[EventRounds "9"]
[EventCountry "GER"]
[SourceTitle "EXT 2023"]
[Source "ChessBase"]
[SourceDate "2022.10.05"]
[SourceVersion "1"]
[SourceVersionDate "2022.10.05"]
[SourceQuality "1"]
[WhiteTeam "Harksheide"]
[BlackTeam "Schwerin"]
[WhiteTeamCountry "GER"]
[BlackTeamCountry "GER"]

1. d4 g6 2. e4 Bg7 3. Nc3 d6 4. Be3 a6 5. Qd2 b5 6. a4 b4 7. Nd5 a5 8. h4 e6 9. Nf4 h6 10. f3 Ne7 11. c3 Nd7 12. cxb4 axb4 13. Bc4 e5 14. Nd5 Nxd5 15. Bxd5 Rb8 16. Ne2 Ba6 17. h5 g5 18. Ng3 exd4 19. Bxd4 Be5 20. Nf5 Kf8 21. Kf2 1/2-1/2

[Event "GER-ch Blitz"]
[Site "Magdeburg"]
[Date "2021.08.01"]
[Round "17"]
[White "Reichmann, Hendrik"]
[Black "Baldauf, Marco"]
[Result "0-1"]
[WhiteElo "2348"]
[BlackElo "2511"]
[PlyCount "80"]
[EventDate "2021.08.01"]
[EventType "tourn (blitz)"]
[EventRounds "29"]
[EventCountry "GER"]
[EventCategory "5"]
[SourceTitle "CBM 203 Extra"]
[Source "ChessBase"]
[SourceDate "2021.09.30"]
[SourceVersion "1"]
[SourceVersionDate "2021.09.30"]
[SourceQuality "1"]

1. d4 Nf6 2. Bf4 c5 3. e3 g6 4. Nc3 Bg7 5. h4 b6 6. Be2 Bb7 7. d5 h6 8. e4 d6 9. Qd2 a6 10. a4 Nbd7 11. g4 Ne5 12. f3 h5 13. g5 Nh7 14. Nh3 0-0 15. Rg1 Bc8 16. Nf2 Bd7 17. Be3 b5 18. a5 b4 19. Ncd1 Bb5 20. Ra2 e6 21. b3 exd5 22. Qxd5 Qc7 23. f4 Nc6 24. f5 Ne7 25. Qd2 gxf5 26. Bxh5 Rad8 27. Bf4 Qc6 28. Ne3 Bc3 29. exf5 Nd5 30. Bf3 Nxf4 31. Bxc6 Bxc6 32. Kd1 Bxd2 33. Kxd2 Rfe8 34. Nfg4 Nd5 35. Raa1 Nxe3 36. Nxe3 Re4 37. Raf1 Rxh4 38. g6 Nf6 39. gxf7+ Kxf7 40. Rf2 Re8 0-1

[Event "GER-ch Blitz"]
[Site "Magdeburg"]
[Date "2021.08.01"]
[Round "11"]
[White "Reichmann, Hendrik"]
[Black "Carlstedt, Jonathan"]
[Result "1-0"]
[WhiteElo "2348"]
[BlackElo "2442"]
[PlyCount "71"]
[EventDate "2021.08.01"]
[EventType "tourn (blitz)"]
[EventRounds "29"]
[EventCountry "GER"]
[EventCategory "5"]
[SourceTitle "CBM 203 Extra"]
[Source "ChessBase"]
[SourceDate "2021.09.30"]
[SourceVersion "1"]
[SourceVersionDate "2021.09.30"]
[SourceQuality "1"]

1. d4 d6 2. Bf4 g6 3. e3 Bg7 4. h4 h5 5. Nf3 Bg4 6. Be2 c6 7. c3 Nd7 8. Nbd2 e5 9. Bg3 Bxf3 10. Bxf3 d5 11. Qc2 e4 12. Be2 f5 13. c4 Ngf6 14. Qb3 Qb6 15. cxd5 cxd5 16. Bb5 Qe6 17. Rc1 0-0 18. Rc7 Rfc8 19. Bxd7 Nxd7 20. Qxb7 Rcb8 21. Qc6 Qxc6 22. Rxc6 Rxb2 23. Ke2 Nb6 24. Rb1 Rxa2 25. Kd1 Kh7 26. Rc7 Rc8 27. Rxc8 Nxc8 28. Rb7 Ra1+ 29. Kc2 Ra2+ 30. Kc1 Kg8 31. Rb8 Ra1+ 32. Kc2 Rg1 33. Rxc8+ Kf7 34. Rc7+ Kg8 35. Rxa7 Rxg2 36. Nb3 1-0